Celebrity Deaths 1940-1949 - Statistics

General Stats
  • This quiz has been taken 122 times
  • The average score is 18 of 30
Answer Stats
Hint Year Answer % Correct
The leader of Nazi Germany during World War II 1945 Adolf Hitler
96%
Italy's dictator during World War II 1945 Benito Mussolini
91%
The president who led the U.S. through World War II 1945 Franklin Roosevelt
88%
American gangster known as "Scarface" 1947 Al Capone
85%
German-Dutch diarist of Jewish heritage 1945 Anne Frank
85%
Longtime companion and later the wife of the leader of Nazi Germany 1945 Eva Braun
81%
Non-violent leader of Indian independence 1948 Mahatma Gandhi
81%
American industrialist, business magnate and founder of a Motor Company 1947 Henry Ford
80%
The author of The Great Gatsby 1940 F. Scott Fitzgerald
75%
New York Yankee hero and home run king 1948 Babe Ruth
74%
Reich Minister of Propaganda from 1933 to 1945 1945 Joseph Goebbels
74%
Prime Minister of the United Kingdom from 1937 to 1940 1940 Neville Chamberlain
74%
"The Desert Fox" of World War II 1944 Erwin Rommel
73%
The ruler of Germany during World War I 1941 Kaiser Wilhelm II
71%
Head of the Gestapo during World War II 1945 Heinrich Himmler
68%
Lenin's right-hand man 1940 Leon Trotsky
68%
The electrical genius who invented alternating current 1943 Nikola Tesla
66%
US Army general who commanded in the Mediterranean theatre in WWII 1945 George S. Patton
58%
Author of Ulysses and Finnegan's Wake 1941 James Joyce
56%
Commander of the Nazi Luftwaffe in World War II 1946 Hermann Göring
55%
Creator of the Peter Rabbit children's books 1943 Beatrix Potter
49%
German composer who shares the last name with more famous Johann 1949 Richard Strauss
48%
Prime Minister of the United Kingdom from 1916 to 1922 1945 David Lloyd George
41%
Author of The Little Prince 1944 Antoine de Saint Exupéry
35%
Japanese admiral who planned the attack on Pearl Harbor 1943 Isoroku Yamamoto
35%
German physicist who originated quantum theory 1947 Max Planck
29%
Author of A Room Of One's Own 1941 Virginia Woolf
24%
Indian polymath and the first non-European to win the Nobel Prize in Literature 1941 Rabindranath Tagore
14%
Cuban chess player who was world chess champion from 1921 to 1927 1942 José Raúl Capablanca
11%
Serbian physicist and mathematician and the first wife of Albert Einstein 1948 Mileva Marić
5%
No matching quizzes found
Score Distribution
Percent of People with Each Score
Percentile by Number Answered
Your Score History
You have not taken this quiz